Statistics for Indian premier league teams 2016 (Cricket)

Click here to take the quiz!

General Stats

  • This quiz has been taken 149 times
  • The average score is 6 of 8

Answer Stats

Answer% Correct
5Mumbai Indians
92%
7Royal Challengers Bangalore
80%
4Kolkata Knight Riders
76%
1Delhi Daredevils
71%
8Sunrisers Hyderabad
69%
2Gujarat Lions
66%
3Kings XI Punjab
62%
6Rising Pune Supergiants
61%

Score Distribution

Percentile by Number Answered

Percent of People with Each Score

Your Score History

You have not taken this quiz